Language Quiz

Random Language Quiz

KNIFE… included Quiz Stats

 Plays Quiz not verified by Sporcle

Challenge
Share
Tweet
Embed
Score 0/15 Timer 03:00
0 Plays Today
Clues Answers % Correct
a small knife used mainly for peeling fruits and vegetableparing knife
75%
the capital of the Northwest Territories in CanadaYellowknife
41.7%
a semi-nocturnal freshwater fish with a reduced or absent dorsal fin and a long anal fin which reaches from the belly to the tailknife fish
33.3%
a knife for eating fish, with a wide blade and a round edgefish knife
33.3%
a metal or glass support for a carving knife or carving fork at tableknife rest
25%
in a difficult or worrying situation of which the result is very uncertainon a knife-edge
25%
while threatening someone or being threatened with a knifeat knifepoint
25%
a tributary of the Missouri River, in North Dakota (USA)Knife River
25%
Clues Answers % Correct
a device for making knives sharper, or a person whose job is to do thisknife grinder
16.7%
a blunt knife used for opening envelopes or slitting the uncut pages of bookspaperknife
16.7%
very quickly; almost instantaneouslybefore you can say knife
8.3%
a long knife with a blade that is double-edged at the pointbowie-knife
8.3%
a long, broad knife used in pairs in some forms of kung fubutterfly knife
8.3%
a knife with a blade that folds into the handleclasp knife
8.3%
a 1962-movie by Roman Polanski with Leon Niemczyk (On their way to a sailing trip, an aging husband and wife invite along an emphatic young hitchhiker out of sheer patronization9Knife in the Water
8.3%

You're not logged in!

Compare scores with friends on all Sporcle quizzes.
Join for Free
OR
Log In

You Might Also Like...

Show Comments

Extras

Top Quizzes Today


Score Distribution

Your Account Isn't Verified!

In order to create a playlist on Sporcle, you need to verify the email address you used during registration. Go to your Sporcle Settings to finish the process.

Report this User

Report this user for behavior that violates our Community Guidelines.

Details: